000 00942nam a22002415i 4500
001 164969
003 ES-MaACL
005 20250804062756.0
008 950206m18881889fr |||| | fre d
040 _aCLM
100 1 _aSchopenhaver, Arthur.
_9132568
245 1 3 _aLe monde comme volonté et come représentation /
_cpar Arthur Schopenhauer ; traduit en français par A. Burdeau.
260 _aParis :
_bFélix Alcan,
_c1888-1889 (
_ePoitiers)
300 _a2 v. ;
_c23 cm.
490 1 _aBibliothèque de philosophie contemporaine
596 1 _aAnteriormente el nombre de la editorial era Ancienne librairie Germer Baillière et Cie.
650 7 _aFilosofía
_2embne
_912802
700 1 _aBurdeau, A.,
_etrad.
_932590
830 0 _aBibliothèque de philosophie contemporaine
_9181027
852 _aES-MaACL
_jB-7090-7092
_z-- Enc. pasta española
_x-- Edic.: Son 3 v., 1888-1890
999 _c164969
_d164969